000 00514nam a2200193 a 4500
001 1767004499690
003 YourLibrary
005 20260102153920.0
008 251229s2006##################000#0#eng##
020 _a9780415359191
082 0 4 _a294.309
_bYUL
100 1 _aTuladhar-Douglas, Will,
_eauthor.
245 1 0 _aRemaking Buddhism for Medieval Nepal :
260 _bPsychology Press,
_c2006.
300 _a238 pages
650 0 _aHistory.
942 _cENGLISH
040 _aYourLibrary
_beng
_cYourLibrary
999 _c606787
_d606787